| Tag |
First Indicator |
Second Indicator |
Subfields |
| LEADER |
00000cam a22000008a 4500 |
| 001 |
in00000017749 |
| 005 |
20151007053509.0 |
| 008 |
870521s1988 lau s00010 eng |
| 010 |
|
|
|a 87012486
|
| 020 |
|
|
|a 0807114219
|
| 020 |
|
|
|a 0807114227 (pbk.)
|
| 035 |
|
|
|a (OCoLC)16078501
|
| 035 |
|
|
|9 AAB1865AM
|
| 040 |
|
|
|a DLC
|c DLC
|d m/c
|d TXA
|d UtOrBLW
|
| 049 |
|
|
|a TXAM
|c [A12611767]
|
| 050 |
0 |
0 |
|a PS3563.C3635
|b C6 1987
|
| 050 |
|
4 |
|a PS3563.C3635
|b C6 1988
|
| 082 |
0 |
|
|a 811/.54
|2 19
|
| 100 |
1 |
|
|a McFerren, Martha.
|
| 245 |
1 |
0 |
|a Contours for ritual :
|b poems /
|c by Martha McFerren.
|
| 263 |
|
|
|a 8712
|
| 264 |
|
1 |
|a Baton Rouge :
|b Louisiana State University Press,
|c 1988.
|
| 300 |
|
|
|a 50 pages
|
| 336 |
|
|
|a text
|b txt
|2 rdacontent
|
| 337 |
|
|
|a unmediated
|b n
|2 rdamedia
|
| 338 |
|
|
|a volume
|b nc
|2 rdacarrier
|
| 999 |
|
|
|a MARS
|
| 999 |
f |
f |
|s 98f098f8-2ec5-3deb-8266-10f4db7e9111
|i ac090b71-c703-3c9b-994a-434c61797ef9
|t 0
|
| 952 |
f |
f |
|p ric
|a Texas A&M University
|b Rellis Campus
|c Joint Library Facility
|d Remote Storage
|t 0
|e PS3563.C3635 C6 1988
|h Library of Congress classification
|i unmediated -- volume
|m A14812611767
|
| 998 |
f |
f |
|a PS3563.C3635 C6 1988
|t 0
|l Remote Storage
|